Automatizované čistenie verejných dát
Uložené v:
| Hlavný autor: | |
|---|---|
| Ďalší autori: | |
| Médium: | Rukopis Kniha |
| Jazyk: | Slovak |
| Vydavateľské údaje: |
Bratislava :
STU v Bratislave FIIT,
2012
|
| Predmet: | |
| On-line prístup: | VAIS |
| Tagy: |
Žiadne tagy, Buďte prvý, kto otaguje tento záznam!
|
MARC
| LEADER | 00000ntm a22000003a 4500 | ||
|---|---|---|---|
| 001 | stu253060 | ||
| 005 | 20150617230229.0 | ||
| 008 | 120724s2012----xo------------------slo-d | ||
| 040 | |a STU |b slo | ||
| 041 | 0 | |a slo | |
| 044 | |a xo | ||
| 100 | 1 | |a Proksa, Ondrej, |d 1990- |4 aut |u I200 |U FIIT Fakulta informatiky a informačných technológií |T FIIT Ústav informatiky a softvérového inžinierstva |X 64432 |U I200 |Y 179 |7 A000064432 | |
| 242 | 0 | 0 | |a Automated cleaning of public data |y eng |
| 245 | 1 | |a Automatizované čistenie verejných dát | |
| 260 | |a Bratislava : |b STU v Bratislave FIIT, |c 2012 | ||
| 300 | |a 72 s |c príl. | ||
| 650 | 7 | |a informatika |2 stusub | |
| 650 | 7 | |a Informatics |2 estusub | |
| 650 | 7 | |a vlastnosti |2 stusub | |
| 650 | 7 | |a strojové učenie |2 stusub | |
| 700 | 1 | |a Suchal, Ján, |d 1982- |4 ths |u I200 |U FIIT Fakulta informatiky a informačných technológií |T FIIT Ústav informatiky a softvérového inžinierstva |X 24945 |U I200 |Y 179 |7 A000024945 | |
| 856 | 4 | |a info a plný text |u http://is.stuba.sk/zp/portal_zp.pl?podrobnosti=65265 |3 VAIS | |
| 996 | |b IBAP97/12 |c I*BAP97/12 |l II680 |s P |a 0 |w stu253060_0001 | ||